Antropología social de la economía en el sureste de México /

Guardado en:
Detalles Bibliográficos
Autor principal: Higuera Bonfil, Antonio (autor)
Otros autores: Campos Solano, María del Rayo A. (autor) (autor)
Formato: Libro
Idioma:Español
Publicado: México : CIESAS, 1985
Colección:(Cuadernos de la Casa Chata ; Frontera Sur ; 127. 4)
Temas:
Etiquetas: Agrega una etiqueta
Sin etiquetas, Sé el primero en etiquetar este registro!

MARC

LEADER 00000nam^a2200000^a^4500
001 000021195
005 20250521000000.0
009 20260310084406.007
020 |a 968-496-082-4 
037 |a Acervo ITESO - Biblioteca 
041 |a ESP 
082 |a 306.  |b HIG 
100 |a Higuera Bonfil, Antonio  |e (autor) 
245 1 0 |a Antropología social de la economía en el sureste de México /  |c A. Higuera Bonfil, M.R.A. Campos Solano. 
264 1 |a México :  |b CIESAS,  |c 1985 
300 |a 129 p. 
336 |a texto  |b txt  |2 rdacontenido 
337 |a sin mediación  |b n  |2 rdamedio 
338 |a volumen  |b nc  |2 rdasoporte 
440 1 |a (Cuadernos de la Casa Chata ;  |v 127.  |p Frontera Sur ;  |v 4) 
649 |a XX 
650 |a Desarrollo Económico-Social -  |z México -  |x Aspectos Sociales y Culturales 
650 |a Economía -  |z México 
650 |a Sociología de la Economía 
650 |a Antropología Cultural 
700 |a Campos Solano, María del Rayo A.  |e (autor) 
910 |a Fondo General 
920 |a Impresos - Libros 
930 |a Colección General 
905 |a 101 
901 |a 0211950100  |b IT1  |c ACC  |i 021195  |u 20250521 
902 |a https://opac.biblio.iteso.mx/vufind/Record/000021195